| 000 | 00933nam a22002177a 4500 | ||
|---|---|---|---|
| 999 |
_c14072 _d14072 |
||
| 003 | AR-CdUCM | ||
| 008 | 190422b ||||| |||| 00| 0 spa d | ||
| 040 |
_aMUNICIPALIDAD PROVINCIAL DEL CUSCO _cBIBLIOTECA MUNICIPAL DEL CUSCO |
||
| 082 |
_22ed. _a343.974 / _bA16 |
||
| 100 |
_aPeña y Reyes, Antonio _932732 |
||
| 245 |
_aLa labor diplomática de D. Manuel Maria de Zamacona : _bComo secretario de relaciones exteriores / |
||
| 260 |
_aMéxico : _bPorrua, _c1970. |
||
| 300 |
_aXXV, 160 páginas _c21 cm, |
||
| 440 |
_aArchivo histórico diplomático mexicano _n28 _932743 |
||
| 505 | _aContenido : Correspondencia acerca de la ley de suspensión de pagos -- Instrucciones y notas a D. Juan Antonio de la Fuente, Ministro Plenipotenciario de México en París -- Tratado Wyke-Zamacona ... | ||
| 650 |
_aSociales _928612 |
||
| 650 |
_aPolítica _9291 |
||
| 650 |
_aMéxico _918 |
||
| 942 |
_2ddc _cLIBROS |
||
| 945 |
_arah _d22/04/2019 |
||